War and memory in the twentieth century
Αποθηκεύτηκε σε:
| Άλλοι συγγραφείς: | , |
|---|---|
| Μορφή: | Βιβλίο |
| Γλώσσα: | English |
| Δημοσίευση: |
Oxford, Oxfordshire ; New York :
Berg,
1997
|
| Θέματα: | |
| Ετικέτες: |
Προσθήκη ετικέτας
Δεν υπάρχουν, Καταχωρήστε ετικέτα πρώτοι!
|
MARC
| LEADER | 00000cam a2200000 i 4500 | ||
|---|---|---|---|
| 001 | 1/11020 | ||
| 008 | 101126s1997 eng d | ||
| 020 | |a 978-1-85973-199-4 | ||
| 020 | |a 1-85973-199-6 | ||
| 035 | |l 10109252 | ||
| 040 | |a GR-MY-UA |b gre |e aacr | ||
| 041 | 0 | |a eng | |
| 082 | 0 | |a 355.009 |2 (22) | |
| 245 | 1 | 0 | |a War and memory in the twentieth century / |c edited by Martin Evans and Ken Lunn |
| 260 | |a Oxford, Oxfordshire ; New York : |b Berg, |c 1997 | ||
| 300 | |a xxiii, 272 σ.; |c 22 εκ. | ||
| 504 | |a Περιέχει βιβλιογραφία και ευρετήριο | ||
| 650 | 0 | 0 | |a Military history, Modern |y 20th century. |
| 650 | 0 | 0 | |a War |x History |y 20th century. |
| 650 | 0 | 0 | |a Memory. |
| 700 | 1 | |a Evans, Martin, |d 1964- |4 edt | |
| 700 | 1 | |a Lunn, Kenneth. |4 edt | |
| 852 | |a INST |b LESVOS |e 20101126 |h 355.009 WAR |p 005100049560 |q 005100049560 |t BK |y 0 | ||
| 901 | |a BIBL1-2010-3 | ||
| 909 | |a Λ |b 164996 | ||
| 970 | |a ΤΖΑΦΕΡΗ |b ΕΥΑΓΓΕΛΙΑ |z 2010/11/26 | ||